Statistiken für Städte mit einem Filmfestival

Klicken Sie hier um das Quiz zu spielen!

Allgemein

  • Dieses Quiz wurde 55 mal gespielt
  • Das Durchschnittsergebnis liegt bei 5 aus 17

Antwortstatistiken

LandSeitStadt% Korrekt
Große internationale FilmfestivalsDeutschland1951Berlin
98%
Große internationale FilmfestivalsFrankreich1946Cannes
84%
Große internationale FilmfestivalsItalien1932Venedig
73%
Internationale FilmfestivalsKanada1976Toronto
51%
Internationale FilmfestivalsKanada1952Vancouver
35%
Internationale FilmfestivalsUSA1957San Francisco
31%
Internationale KurzfilmfestivalsPolen1961Krakau
27%
Internationale FilmfestivalsGriechenland1960Thessaloniki
25%
Internationale FilmfestivalsSchweiz1946Locarno
14%
Internationale KurzfilmfestivalsDänemark1975Odense
14%
Internationale KurzfilmfestivalsFinnland1969Tampere
14%
Internationale FilmfestivalsTschechien1948Karlovy Vary
12%
Große internationale FilmfestivalsUSA1978Sundance
10%
Internationale KurzfilmfestivalsSchweden1982Uppsala
10%
Internationale FilmfestivalsSpanien1953San Sebastián
6%
Internationale KurzfilmfestivalsDeutschland1954Oberhausen
4%
Internationale KurzfilmfestivalsFrankreich1981Clermont-Ferrand
0%

Verteilung der Resultate

Perzentil nach korrekt beantworteten Fragen

Anzahl Personen mit jedem Resultat

Ihre Resultats-Entwicklung

Sie haben dieses Quiz noch nicht gespielt